00639nam a2200193Ia 4500008004100000020001400041082001200055100004400067245003600111250000800147260004600155300002300201500001900224600003300243650001600276942000700292952012900299999001700428240925s9999 xx 000 0 und d a395869749 a515 LAR aLarson, Roland E.; Hostetler, Robert P. 0aCalculus with Analytic Geometry a6th aBoston:bHoughton Mifflin Companyc,1998. a967p.b0fOriginal aIncludes Index aHumanities & Natural Science aMathematics cBK 001040708HUMaUITUbUITUd2018-11-20eShahid Book Centerg625.00l0o515 LARpQ11956r2024-09-25 07:16:16w2024-09-25yBK c14455d14455